The effectiveness of using earthworm instead of fish meal on growth of quail at rua,​ ប្រសិទ្ធភាពនៃការប្រើប្រាសើជន្លេនជំនួសម្សៅត្រីលើការលូតលាស់របស់ក្រូចនៅសាកលវិទ្យាល័យភូមិន្ទកសិកម្ម (Record no. 2062)

000 -LEADER
fixed length control field 00732nam a22001577a 4500
003 - CONTROL NUMBER IDENTIFIER
control field OSt
005 - DATE AND TIME OF LATEST TRANSACTION
control field 20151006153034.0
008 - FIXED-LENGTH DATA ELEMENTS--GENERAL INFORMATION
fixed length control field 151006b xxu||||| |||| 00| 0 eng d
040 ## - CATALOGING SOURCE
Transcribing agency RUA
082 ## - DEWEY DECIMAL CLASSIFICATION NUMBER
Classification number AVM TEL 2006 B076 Or.1
100 ## - MAIN ENTRY--PERSONAL NAME
9 (RLIN) 2193
Personal name TEL, SOPHAT.
245 ## - TITLE STATEMENT
Title The effectiveness of using earthworm instead of fish meal on growth of quail at rua,​ ប្រសិទ្ធភាពនៃការប្រើប្រាសើជន្លេនជំនួសម្សៅត្រីលើការលូតលាស់របស់ក្រូចនៅសាកលវិទ្យាល័យភូមិន្ទកសិកម្ម
260 ## - PUBLICATION, DISTRIBUTION, ETC. (IMPRINT)
Place of publication, distribution, etc. Phnom Penh
Name of publisher, distributor, etc. RUA
Date of publication, distribution, etc. 2006
300 ## - PHYSICAL DESCRIPTION
Extent 45p.
Other physical details ill.
Dimensions 29cm.
942 ## - ADDED ENTRY ELEMENTS (KOHA)
Source of classification or shelving scheme
Koha item type AVM
Holdings
Price effective from Date last seen Permanent Location Not for loan Date acquired Source of classification or shelving scheme Koha item type Lost status Withdrawn status Total Renewals Date last checked out Total Checkouts Shelving location Damaged status Barcode Current Location Full call number
2015-10-062023-08-18Library Block B 2015-10-06 AVM   2023-08-075B076 RUA007772Library Block BAVM TEL 2006 B076 Or.1
2015-10-062023-10-18Library Block B 2015-10-06 AVM  12023-09-255B076 RUA007844Library Block BAVM TEL 2006 B076 Or.2
2015-10-062015-10-06Library Block B 2015-10-06 AVM     B076 RUA007842Library Block BAVM TEL 2006 B076 Or.3
មជ្ឈមណ្ឌលឯការនៃសាកលវិទ្យាល័យភូមិន្ទកសិកម្មចំការដូង

Powered by Koha